Animales protegidos. (Registro nro. 16175)
[ vista simple ]
| 000 -CABECERA | |
|---|---|
| campo de control de longitud fija | 00918nam a2200229 a 4500 |
| 001 - NÚMERO DE CONTROL | |
| campo de control | 000016642 |
| 003 - IDENTIFICADOR DEL NÚMERO DE CONTROL | |
| campo de control | OSt |
| 005 - FECHA Y HORA DE LA ÚLTIMA TRANSACCIÓN | |
| campo de control | 20201202103808.0 |
| 008 - DATOS DE LONGITUD FIJA--INFORMACIÓN GENERAL | |
| campo de control de longitud fija | 100308s1985 dr a 000 0 spa d |
| 040 ## - FUENTE DE LA CATALOGACIÓN | |
| Centro catalogador/agencia de origen | DO-SdBNP |
| Lengua de catalogación | spa |
| Centro/agencia transcriptor | BNPHU |
| 082 ## - NÚMERO DE LA CLASIFICACIÓN DECIMAL DEWEY | |
| Número de clasificación | 639.9 |
| Número de documento/Ítem | A598p |
| 110 1# - ENTRADA PRINCIPAL--NOMBRE DE ENTIDAD CORPORATIVA | |
| Nombre de entidad corporativa o nombre de jurisdicción como elemento de entrada | República Dominicana. |
| Unidad subordinada | Secretaría de Estado de Agricultura. Sub-secretaría de Recursos Naturales. Departamento de Vida Silvestre. Departamento de Educación Ambiental |
| 9 (RLIN) | 36974 |
| 245 10 - MENCIÓN DE TÍTULO | |
| Título | Animales protegidos. |
| 260 ## - PUBLICACIÓN, DISTRIBUCIÓN, ETC. | |
| Lugar de publicación, distribución, etc. | Santo Domingo : |
| Nombre del editor, distribuidor, etc. | Secretaría de Estado de Agricultura, |
| Fecha de publicación, distribución, etc. | 1985. |
| 300 ## - DESCRIPCIÓN FÍSICA | |
| Extensión | 111 p. : |
| Otras características físicas | il. ; |
| Dimensiones | 21 cm. |
| 504 ## - NOTA DE BIBLIOGRAFÍA, ETC. | |
| Nota de bibliografía, etc. | Bibliografía : p. 111<br/> |
| 590 ## - NOTA LOCAL (RLIN) | |
| Nota local | La biblioteca posee 1 ejemplar autografiado |
| 650 #4 - PUNTO DE ACCESO ADICIONAL DE MATERIA--TÉRMINO DE MATERIA | |
| Término de materia o nombre geográfico como elemento de entrada | Protección de animales de caza |
| Subdivisión geográfica | República Dominicana |
| 9 (RLIN) | 36975 |
| 650 #4 - PUNTO DE ACCESO ADICIONAL DE MATERIA--TÉRMINO DE MATERIA | |
| Término de materia o nombre geográfico como elemento de entrada | Protección de aves |
| Subdivisión geográfica | República Dominicana |
| 9 (RLIN) | 36976 |
| 650 #4 - PUNTO DE ACCESO ADICIONAL DE MATERIA--TÉRMINO DE MATERIA | |
| Término de materia o nombre geográfico como elemento de entrada | Conservación de la vida silvestre |
| 9 (RLIN) | 7052 |
| 942 ## - ELEMENTOS DE PUNTO DE ACCESO ADICIONAL (KOHA) | |
| Fuente del sistema de clasificación o colocación | Dewey Decimal Classification |
| Tipo de ítem Koha | Libro |
| Estado de retiro | Estado de pérdida | Fuente del sistema de clasificación o colocación | No para préstamo | Código de colección | Localización permanente | Ubicación/localización actual | Ubicación en estantería | Fecha de adquisición | Número de inventario | Total de préstamos | Signatura topográfica completa | Código de barras | Fecha visto por última vez | Precio válido a partir de | Tipo de ítem Koha | Número de copia | Fuente de adquisición |
|---|---|---|---|---|---|---|---|---|---|---|---|---|---|---|---|---|---|
| Dewey Decimal Classification | Préstamo en sala | Monografías: Libros y Folletos | Biblioteca Nacional Pedro Henríquez Ureña | General | Depósito | 02.12.2020 | 639.9 A598p | 02.12.2020 | 02.12.2020 | Libro | e. 3 | ||||||
| Dewey Decimal Classification | Préstamo en sala | Monografías: Libros y Folletos | Biblioteca Nacional Pedro Henríquez Ureña | General | Depósito | 02.12.2020 | 639.9 A598p | 02.12.2020 | 02.12.2020 | Libro | e. 4 | Donado por Patria Núñez | |||||
| Dewey Decimal Classification | Excluido de préstamo | Patrimonio Dominicano | Biblioteca Nacional Pedro Henríquez Ureña | Patrimonio Dominicano | Depósito | 08.03.2010 | LF1 | 639.9 A598p | 16642-10 | 25.06.2020 | 25.06.2020 | Libro y Folleto Colección Patrimonio Dominicano | |||||
| Dewey Decimal Classification | Excluido de préstamo | Patrimonio Dominicano | Biblioteca Nacional Pedro Henríquez Ureña | Patrimonio Dominicano | Depósito | 12.05.2010 | LF1 | 639.9 A598p | 16642-20 | 25.06.2020 | 25.06.2020 | Libro y Folleto Colección Patrimonio Dominicano | e. 2 |
